00305nam a2200133Ia 45000030006000000080041000060400015000471000019000622450026000812600029001073000006001365460012001420050017001540STCL150530s9999 xx 000 0 und d aSTCLcSTCL aFurnham,A.; Ed aBody Language at Work bUniversities pressc2000 a0 aEnglish20220125165325.0